000 00472nam a22001817a 4500
003 MPLRDC
005 20220104143738.0
008 210129b ||||| |||| 00| 0 eng d
082 _a874.57 VER-3 c.2
100 _a儒勒. 凡尔纳著; 王汶译
245 _a气球上的五星期: 非洲游记
_c
250 _a一版三刷
260 _a
_b中国青年出版社
_c1979
300 _b
490 _a凡尔纳选集
650 _a
942 _cBK
_o874.57 VER-3 c.2
999 _c42922
_d42912